Statistics for First Countries in Europe to...

Click here to take the quiz!

General Stats

  • This quiz has been taken 454 times
  • The average score is 8 of 28

Answer Stats

HintAnswer% Correct
... invade another country in Europe in the 21st centuryRussia
71%
... declare independence from the USSRLithuania
67%
... test a nuclear weapon in an overseas allied countryUnited Kingdom
62%
... join the EC (now called the EU) aloneGreece
46%
... legalize euthanasiaNetherlands
42%
... provide honorary citizenship to an US presidentFrance
40%
... have both a Jewish head of state and head of governmentUkraine
40%
... legalize gay marriage by popular voteIreland
39%
... win EurovisionSwitzerland
38%
... sell more electric cars than petrol, hybrid and dieselNorway
36%
... give women the right to voteFinland
34%
... have an openly LGBT head of governmentIceland
32%
... abolish slaveryPortugal
28%
... adopt the euro unilaterally without being in the EUMontenegro
27%
... adopt the euro through an agreement without being in the EUAndorra
26%
... join NATO aloneGermany
26%
... have full 5G coverageMonaco
24%
... build a modern army supported by taxation and bureaucracySweden
19%
... be a constitutionally atheist countryAlbania
18%
... require teaching climate change in schoolsItaly
18%
... have a constitutionPoland
18%
... hold a modern parliamentary sessionSpain
18%
... have both a female head of government and head of stateEstonia
17%
... tax junk foodRomania
12%
... have an openly LGBT head of stateSan Marino
12%
... make drinkable water a human rightSlovenia
10%
... grow wheat and vegetables in spaceBulgaria
9%
... go wirelessNorth Macedonia
9%

Score Distribution

Percentile by Number Answered

Percent of People with Each Score

Your Score History

You have not taken this quiz